01840nam a2200325 a 450000100100000000500170001000800410002704000250006808200250009311000330011824000180015124501710016924600760034024601140041625000120053026000360054230000200057850501920059859000260079065000520081665000630086865100460093170000450097770000520102291000380107495201370111295201220124995201280137199900150149900000657720200929153944.0090826s2006 dr 001 0 spa d aDO-SdBNPbspacBNPHU a323.445bR426L, 20061 aRepública Dominicana.944712a[Leyes, etc.]10aLey general de libre acceso a la información pública y reglamento de aplicación /cprólogo José Tomás Pérez ; presentación José Alfredo Rizek Vidal.13aLey general sobre libre acceso a la información pública nº. 200-0413aDecreto No. 130-05 que aprueba el reglamento de la ley general de libre acceso a l a información pública. a3ª ed. aSanto Domingo :bFINJUS,c2006. a81 p. ;c22 cm.0 gPrólogo --gPresentación --tLey general sobre libre acceso a la información pública --tReglamento de aplicación de la Ley General de libre acceso a la información pública. aInventariado, 2018/BT 4aAcceso a la informaciónxLegislación917043 4aPolítica de informaciónzRepública Dominicana917044 4aRepública DominicanaxLey 200-049170451 aPérez, José Tomás,epról.9170461 aFundación Institucionalidad y Justicia918260 aValidado. Control de calidad. EMS 001054708DSaGRbGRcHDd2009-09-01iLF1l0o323.445 R426L, 2006p6577-30r2020-06-25te. 3w2020-06-25yLFDSZPréstamo en sala 0010718PDaPDbPDcHDd2009-09-01iLF1l0o323.445 R426L, 2006p6577-10r2020-06-25w2020-06-25yLFPDZNo se presta 0010718PDaPDbPDcHDd2009-09-01iLF1l0o323.445 R426L, 2006p6577-20r2020-06-25te. 2w2020-06-25yLFPDZNo se presta c6368d6368